| 000 | 00623cam a2200217 a 4500 | ||
|---|---|---|---|
| 001 | 2840809 | ||
| 005 | 20180214032802.0 | ||
| 008 | 840312s1984 nyu b 000 0 eng | ||
| 010 | _a 84005877 | ||
| 020 |
_a0030605687 (alk. paper) : _c$24.95 (est.) |
||
| 040 |
_aDLC _cDLC _dDLC _dOCoLC |
||
| 041 | _aeng | ||
| 080 | _a331.118 | ||
| 082 | 0 | 0 |
_a331.118 BRI _219 |
| 100 | _a53 | ||
| 101 | _aMNG | ||
| 245 | 0 | 0 |
_aProductivity research in the behavioral and social sciences / _cedited by Arthur P. Brief. |
| 504 | _aIncludes bibliographies. | ||
| 906 |
_a7 _bcbc _corignew _d1 _eocip _f19 _gy-gencatlg |
||
| 942 |
_2ddc _cBK |
||
| 999 |
_c42438 _d42438 |
||